000 00881nam a2200253 i 4500
001 188421
003 SpMaBN
005 20250804161022.0
008 180920s2003 sp |||| | spa d
020 _a84-7914-659-1
080 _a28:297
100 1 _aAmigo Vallejo, Carlos,
_d1934-2022
_9140560
245 1 0 _aCristianos y musulmanes /
_cCarlos Amigo Vallejo.
260 _aMadrid :
_bBiblioteca de Autores Cristianos,
_c2003.
300 _aXVII, 250 p. ;
_c21 cm.
490 1 _aBAC popular ;
_v155
650 _aCristianismo-
_xRelaciones-
_xIslamismo.
_9176227
830 0 _aBAC popular ;
_v155
_9180920
852 _aES-MaACL
_jA-14251
_9 195551
_bR.151707
_cDEPO1
_dOlim: N- 7251
_hDonación: Pilar Fernández
903 _aFernández Vera, Pilar,
_d1961-
_ednr
_949420
942 _2udc
_cMONOGRAFIA
999 _c188421
_d188421